Online Catalogue and eLibrary

Myths of sexuality : (Record no. 1856)

MARC details
000 -LEADER
fixed length control field 00252nam a2200097Ia 4500
008 - FIXED-LENGTH DATA ELEMENTS--GENERAL INFORMATION
fixed length control field 240331s9999 xx 000 0 und d
082 ## - DDC Classification
Item Number - Author Mark NEA
100 ## - MAIN ENTRY--PERSONAL NAME
Personal name Nead, L
245 #0 - TITLE STATEMENT
Title Myths of sexuality :
Remainder of title representations of women in victorian Britain
942 ## - Koha item type (Biblio)
Koha item type Books in Stacks (Lending)

No items available.

© WERC Library